[Event "FRA-ch du Nord"]
[Site "France"]
[Date "2003.04.13"]
[Round "2"]
[White "Viard, Maxime"]
[Black "Wallerand, Konrad"]
[Result "0-1"]
[WhiteElo "1720"]
[BlackElo "1980"]
[PlyCount "78"]
[EventDate "2003.04.12"]
[EventType "swiss"]
[EventRounds "7"]
[EventCountry "FRA"]
[SourceTitle "EXT 2008"]
[Source "ChessBase"]
[SourceDate "2007.11.25"]
[SourceVersion "1"]
[SourceVersionDate "2007.11.25"]
[SourceQuality "1"]

1. e4 d5 2. exd5 Nf6 3. Bc4 Nxd5 4. d3 g6 5. Bg5 Bg7 6. Qf3 Bxb2 7. Bxd5 f6 8. Bh6 Bxa1 9. Bg7 c6 10. Bb3 Qa5+ 11. Nd2 Bc3 12. Qe3 Bxd2+ 13. Qxd2 Qxd2+ 14. Kxd2 Rf8 15. Bxf8 Kxf8 16. h3 Na6 17. Nf3 Nc5 18. Re1 a5 19. d4 Nxb3+ 20. axb3 Kf7 21. Ra1 Be6 22. Ne1 Bd5 23. g4 Be4 24. Ke3 Bd5 25. Nd3 b5 26. Nc5 g5 27. f3 Kg6 28. Nd7 a4 29. Nc5 axb3 30. Nxb3 Ra4 31. Rc1 Rc4 32. Nd2 Rc3+ 33. Ke2 h5 34. Kf2 h4 35. Ke2 f5 36. Kf2 fxg4 37. hxg4 Kf6 38. Ne4+ Bxe4 39. fxe4 b4 0-1